=LDR 00000nam 2200000 4500 =001 INLIS000000000057638 =990 ##$$a 1037145 =005 20210323095639 =035 ##$$a 0010-0321000069 =245 1#$$a 365 hari hua ha haha : $b kumpulan humor /$c tim editor mitra utama =100 #$$a tim editor mitra utama =300 ##$$a 214 =260 ##$$a JAKARTA :$b mitra utama,$c 1997 =082 ##$$a 817 =084 ##$$a 817 TIM t